• 首页
  • 本馆介绍
  • 公告通知
  • 最新文献
  • 馆藏检索
  • 电子资源
  • 读者导购
  • 参考咨询
  • 我的图书馆
  • 登录
  • 详细信息显示
  • 放入我的书架
  • 预约/预借图书
  • 作者相关作品
  • 分类相关作品
  • 丛书相关作品
  • 出版社相关作品

书目信息

  • 表格格式
  • 工作单格式
  • 卡片格式
题名:
大学生物基础
    
 
作者: 宋林 , 韩威 主编
分册:  
出版信息: 北京   中国人民大学出版社  2002
页数: 361页
开本: 23cm
丛书名:
单 册:
中图分类: Q-43
科图分类:
主题词: 生物学--教材
电子资源:
ISBN: 7-300-04278-3
000 00912nam0 2200265 450
001 110000002005
005 20050920082931.92
010    @a7-300-04278-3@dCNY27.00
100    @a20050108d2002 ekmy0chiy0120 ea
101 0  @achi
102    @aCN@b110000
105    @ay az 000yy
200 1  @a大学生物基础@9da xue sheng wu ji chu@f宋林,韩威主编@Fsong lin,han wei zhu bian
210    @a北京@c中国人民大学出版社@d2002
215    @a361页@d23cm
300    @a21世纪素质教育系列教材 文化素质课系列
300    @a北京市普通高等学校第四批教育教学改革试点立项项目
320    @a有书目
330    @a本书主要内容包括:绪论;生命的基础——细胞;生命的延续——遗传;生命的形态建成——发育生物学;生命的防御体系——免疫系统;神经科学基础等。
606 0  @a生物学@x教材
690    @aQ-43@v4
701  0 @a宋林@Asong lin@4主编
701  0 @a韩威@Ahan wei@4主编
801  0 @aCN@bTSSF@c20050920
905    @a10447@dQ-43@e45
    
    大学生物基础/宋林,韩威主编.-北京:中国人民大学出版社,2002
    361页;23cm
    21世纪素质教育系列教材 文化素质课系列.-北京市普通高等学校第四批教育教学改革试点立项项目
    
    ISBN 7-300-04278-3:CNY27.00
    本书主要内容包括:绪论;生命的基础——细胞;生命的延续——遗传;生命的形态建成——发育生物学;生命的防御体系——免疫系统;神经科学基础等。
●
相关链接 在E读中查询图书 在五车中查询图书 在当当中查询图书 在豆瓣中查询图书


正题名:大学生物基础     索取号:Q-43/45         预约/预借

序号 登录号 条形码 馆藏地/架位号 状态 备注
1 0362588   3625884   第二样本阅览室/ [索取号:Q-43/45] 在馆    
2 0362589   3625893   第三借阅区/ [索取号:Q-43/45] 在馆    
3 0362590   3625900   第三借阅区/ [索取号:Q-43/45] 在馆    
4 0362591   3625919   第三借阅区/ [索取号:Q-43/45] 在馆    
5 0362592   3625928   第三借阅区/ [索取号:Q-43/45] 在馆    
唐山师范学院图书馆 欢迎您!
大连网信软件有限公司© 版权所有